000 00405cam a22001337a 4500
008 180718b1962 xxu||||| |||| 00| 0 eng d
082 _aDx42 R728
100 _aRose, Saul
245 _aBritain and south-east asia
_cby Saul Rose
260 _aLondon
_bChatto & Windus
_c1962
300 _a208p
650 _aSoutheast Asia --Relations --Great Britain
650 _aGreat Britain --Relations --Southeast Asia
999 _c424181
_d424181